000 00567nam a2200241Ia 4500
003 OSt
005 20220928121246.0
006 a|||||r|||| 00| 0
007 ta
008 220927b |||||||| |||| 00| 0 eng d
024 _a116547
037 _cTextual
040 _aSDCL
_cSDCL
_beng
041 _2eng
_aeng
082 _aE9G, P4
100 _aSegel I. H
_9451652
245 0 _aBio-Chemical calculations.
250 _a2nd
260 _c2004
300 _axii,692p
_ccm.
942 _hE9G, P4
_cTEXL
_2CC
999 _c765692
_d765692